000 00862nam a2200337 a 4500
003 AR-BaBNM
005 20251128203529.0
008 082120s2002 ||||||||||||||000 | spa||
040 _cAR-BaBNM
100 1 _aPoniatowski, Michel
245 0 0 _aEl futuro no está escrito en ninguna parte
260 _aBuenos Aires
_bEudeba
_c1981
300 _axvii, 346 p.
490 0 _aTemas
650 4 _aSOCIOLOGIA POLITICA
650 4 _aFILOSOFIA POLITICA
650 4 _aHISTORIA POLITICA
650 4 _aRELACIONES INTERNACIONALES
650 4 _aGEOPOLITICA
650 4 _aENSAYO
650 4 _aIDEOLOGIAS
650 4 _aECOLOGIA
650 4 _aFEMINISMO
650 4 _aSINDICALISMO
650 4 _aECONOMIA INTERNACIONAL
650 4 _aTERRORISMO
653 _aGLOBALIZACION
700 1 _aPiñero, Enrique J.
_etraductor
942 _cBK
998 _cMARTIN
999 _c3812
_d3812